All I Want For Christmas - Do You Know The Lyrics? - Statistics

General Stats
  • This quiz has been taken 5,531 times
  • The average score is 158 of 204
Answer Stats
Lyric % Correct
A
100%
I
100%
Christmas
99%
For
99%
Is
99%
Want
99%
You
98%
All
96%
Do
95%
Don't
94%
The
94%
Just
92%
On
92%
Lot
91%
My
91%
Need
91%
Tree
91%
One
89%
Presents
89%
There
89%
Thing
89%
Underneath
86%
Own
85%
Wish
85%
About
84%
Care
84%
Ever
84%
Know
84%
Come
83%
Make
83%
True
83%
More
82%
Than
81%
Baby
80%
Could
80%
And
72%
To
67%
Me
61%
Santa
58%
Stocking
56%
Oh
55%
Fireplace
52%
Won't
52%
Day
51%
Happy
50%
Hang
49%
Claus
48%
Snow
48%
Even
45%
Upon
43%
This
41%
Mistletoe
40%
Can
39%
With
39%
Ask
38%
So
38%
Toy
36%
Much
33%
It
32%
What
28%
List
27%
Nick
27%
North
27%
Pole
27%
Saint
27%
Here
25%
Send
25%
Yeah
25%
Tonight
24%
Hear
23%
Holding
22%
Reindeer
22%
Tight
22%
Magic
21%
Stay
21%
Those
20%
Waiting
19%
Awake
18%
I'm
18%
Keep
18%
Cause
17%
Click
14%
Gonna
14%
No matching quizzes found
Score Distribution
Percent of People with Each Score
Percentile by Number Answered
Your Score History
You have not taken this quiz